000 00193 a2200097 4500
001 11950
100 _aWilson, H
245 _aSoutheast Asia
260 _a
_bCambridge
_c
090 _c9204
_d9204
942 _aNUST-CAE
_cM
_c36050
999 _c247023
_d247023